000 00606nam a22002417a 4500
003 UA-OsUOA
001 78698
007 ta
008 20111018b un ||||| |||| 00| 0 ukr d
100 _aСтаднюк І.Ф.
090 _a821.161.2
_bС76
942 _cBK
040 _aUA-OsUOA
_bukr
_cUA-OsUOA
_dUA-OsUOA
245 _aВійна
_bроман
300 _a671 с.
955 _a3
041 _aukr
080 _a821.161.2
260 _aК.
_bДніпро
_c1985
246 3 1 _aкн. 1 - 3
_n
650 7 _a82 Література. Літературознавство
_2UDC
999 _c365014
_d365014